00495nam a2200085Ia 4500008004100000245003800041300027300079650001100352856004600363170517s9999 xx 000 0 und d aOn Piracy and the Future of Media aEach day, millions of youths from Canada and around the world download music and movies off of the Internet. This epidemic of unauthorized downloading has been cited by the record and film industries as being the prime cause for billions in losses. Politicians have... xMedia. uhttp://topdocumentaryfilms.com/on-piracy/